Un hombre con una misión : (Registro nro. 3718)

Detalles MARC
000 -LEADER
fixed length control field 00717nam a2200193Ia 4500
003 - CONTROL NUMBER IDENTIFIER
control field OSt
005 - DATE AND TIME OF LATEST TRANSACTION
control field 20200622195238.0
008 - FIXED-LENGTH DATA ELEMENTS--GENERAL INFORMATION
fixed length control field 191128s1986 ck a gr 000 j spa d
040 ## - CATALOGING SOURCE
Original cataloging agency CO-JMCR
Transcribing agency CO-JMCR
041 ## - LANGUAGE CODE
Language code of text/sound track or separate title spa
082 04 - DEWEY DECIMAL CLASSIFICATION NUMBER
Classification number H /
Item number UNHu
245 13 - TITLE STATEMENT
Title Un hombre con una misión :
Remainder of title la historia de pablo /
260 ## - PUBLICATION, DISTRIBUTION, ETC.
Name of publisher, distributor, etc. Sociedades Bíblicas Unidas :
Place of publication, distribution, etc. Bogotá,
Date of publication, distribution, etc. 1986
300 ## - PHYSICAL DESCRIPTION
Extent 32 páginas :
Other physical details ilustraciones a color ;
Dimensions 25 cm.
490 0# - SERIES STATEMENT
Series statement Héroes de la fe
520 ## - SUMMARY, ETC.
Summary, etc. Nose sabe más sobre al vida de Pablo después de esto. Algunos creen que el emperador romano lo condenó y fue ejecutado. Otros creen que salió libre y se fue a españa
650 14 - SUBJECT ADDED ENTRY--TOPICAL TERM
Topical term or geographic name entry element Historias bíblicas
9 (RLIN) 5622
942 ## - ADDED ENTRY ELEMENTS (KOHA)
Source of classification or shelving scheme Dewey Decimal Classification
Koha item type Books
Existencias
Withdrawn status Lost status Source of classification or shelving scheme Damaged status Not for loan Collection code Home library Current library Date acquired Source of acquisition Cost, normal purchase price Total Checkouts Full call number Barcode Date last seen Date last checked out Copy number Koha item type
    Dewey Decimal Classification     Fiction Biblioteca Pública José María del Castillo y Rada Biblioteca Pública José María del Castillo y Rada 11/28/2019 Donación 0.00 1 H / UNHu 201807709 10/31/2025 10/31/2025 Ej.1 Books